| 000 | 00000nam 2200000zi 4500 |
| 001 | 9.867907 |
| 003 | CaOODSP |
| 005 | 20241203113645 |
| 006 | m o d f |
| 007 | cr nn||||||||| |
| 008 | 190201s1987 onca ob f000 0 eng d |
| 040 | |aCaOODSP|beng|erda|cCaOODSP |
| 041 | |aeng|bfre |
| 043 | |an-cn--- |
| 086 | 1 |aEn13-5/87-53E-PDF |
| 100 | 1 |aJoshi, S. R. |q(Sewak Ram)|eauthor. |
| 245 | 10|aCommon analytical errors in the radiodating of recent sediments / |cS.R. Joshi. |
| 264 | 1|aBurlington, Ontario : |bLakes Research Branch, National Water Research Institute, Canada Centre for Inland Waters, |c[1987] |
| 300 | |a1 online resource (11 pages, 5 unnumbered pages) : |billustrations. |
| 336 | |atext|btxt|2rdacontent |
| 337 | |acomputer|bc|2rdamedia |
| 338 | |aonline resource|bcr|2rdacarrier |
| 490 | 1 |aNWRI contribution ; |vno. 87-53 |
| 500 | |aCover title. |
| 500 | |a"Branch control no. ECD-136." |
| 500 | |a"This manuscript has been submitted to Environ. Geol. Water Sciences and the contents are subject to change. This copy is to provide information prior to publication." |
| 500 | |aDigitized edition from print [produced by Environment and Climate Change Canada]. |
| 504 | |aIncludes bibliographical references. |
| 546 | |aIncludes management perspective and abstract in French. |
| 692 | 07|2gccst|aSediments |
| 710 | 1 |aCanada. |bEnvironment Canada. |
| 710 | 2 |aNational Water Research Institute (Canada). |bLakes Research Branch. |
| 830 | #0|aNWRI contribution ;|vno. 87-53.|w(CaOODSP)9.844121 |
| 856 | 40|qPDF|s988 KB|uhttps://publications.gc.ca/collections/collection_2019/eccc/En13-5-87-53-eng.pdf |